| 000 | 00447nam a22001577a 4500 | ||
|---|---|---|---|
| 003 | URS | ||
| 005 | 20220114171655.0 | ||
| 008 | 170328b xxu||||| |||| 00| 0 eng d | ||
| 020 | _a0256088624 | ||
| 050 |
_aTK5102.5 _bS474 |
||
| 100 |
_aShiavi, Richard _4author |
||
| 245 |
_aIntroduction to applied statistical signal analysis _cRichard Shiavi |
||
| 260 |
_aHomewood, IL. : _bIrwin, _c1991 |
||
| 300 |
_axiv, 454 pages; _c24 cm. |
||
| 942 |
_cFR _2lcc |
||
| 999 |
_c14462 _d14462 |
||